000 00687nam a2200229 a 4500
001 52819
003 BD-RjUL
005 20211209075850.0
008 160927r19571947enka b 001 0 eng
035 _a(BD-RjUL) 52939
040 _aDLC
_cSUC
_dSUC
_dMYG
_dBD-RjUL
_beng
041 _aeng
082 _a516.3
_223
_bROI 1957
100 1 _aRobson, A.
_q(Alan),
_d1888-
_9154879
245 1 3 _aAn introduction to analytical geometry /
_cA. Robson.
260 _aCambridge :
_bThe University Press,
_c1947 [Reprinted 1957]
300 _aVol. :
_bill. ;
_c22 cm.
504 _aIncludes bibliography and index.
505 0 _aVol. 2--
650 0 _aGeometry, Analytic.
_9157951
942 _2ddc
_cBK
999 _c52819
_d52819